|
|
|
|
| LEADER |
00000nam0a2200000 4500 |
| 001 |
14963 |
| 005 |
20231030185952.0 |
| 010 |
|
|
|a 5030029273
|
| 035 |
|
|
|a (RuTPU)RU\TPU\book\15064
|
| 035 |
|
|
|a BOOK00015134
|
| 090 |
|
|
|a 14963
|
| 100 |
|
|
|a 20011209d1999 m y0rusy50 ca
|
| 101 |
0 |
|
|a rus
|
| 102 |
|
|
|a RU
|
| 105 |
|
|
|a y g 000zy
|
| 200 |
1 |
|
|a Проектирование инфракрасных систем
|
| 210 |
|
|
|d 1999
|
| 215 |
|
|
|a 472 с.
|c ил.
|
| 461 |
|
|
|t Справочник по инфракрасной технике
|o В 4-х томах
|v Т. 4
|o Пер. с англ.
|f ред. У. Волф ; Г. Цисис
|d 1999
|
| 610 |
1 |
|
|a инфракрасная техника
|
| 610 |
1 |
|
|a инфракрасное излучение
|
| 610 |
1 |
|
|a физика
|
| 610 |
1 |
|
|a техника
|
| 610 |
1 |
|
|a обнаружение
|
| 610 |
1 |
|
|a справочники
|
| 610 |
1 |
|
|a слежение
|
| 610 |
1 |
|
|a тепловидение
|
| 610 |
1 |
|
|a радиометрия
|
| 610 |
1 |
|
|a локация
|
| 610 |
1 |
|
|a дальнометрия
|
| 610 |
1 |
|
|a связь
|
| 675 |
|
|
|a 621.384.3(03)
|v 3
|
| 801 |
|
0 |
|a RU
|b 63413507
|c 20011209
|g PSBO
|
| 801 |
|
2 |
|a RU
|b 63413507
|c 20080215
|g PSBO
|
| 942 |
|
|
|c BK
|